000 01273cam a2200325 i 4500
001 44464
003 Mx-PuUPA
005 20260217152957.0
008 140415s2002 sp 000 0 spa d
020 _a9786074423389
040 _cMx-PuUPA
_aMx-PuUPA
_bspa
_dMx-PuUPA
_erda
041 0 _aspa
100 1 _aGraue, Russek,
_eautor
_99685
245 1 0 _aFundamentos de economía /
_cAna Luisa Graue Russek ; con la colaboración especial de Eduardo Alonso Cervantes Solís
250 _aPrimera edición
264 1 _aMéxico, Ciudad de México :
_bPearson Educación de México,
_c2009
300 _axiv, 401 páginas :
_bgráficas, diagramas, tablas ;
336 _atexto
_btxt
_2rdacontent
336 _amedio
_bn
_2rdamedia
336 _avolumen
_bcn
_2rdacarrier
650 7 _2armarc
_aEconomía
650 7 _2armarc
_aMacroeconomía
650 7 _2armarc
_aMicroeconomía
700 1 _aAlonso Cervantes, Eduardo,
_ecolaborador
942 _2ddc
_cLI
_h330
_iG72
999 _c44464
_d44464